[Event "2. Cerrado U.E.Montcada 2014"]
[Site "Montcada i Reixac ESP"]
[Date "2014.02.06"]
[Round "1.1"]
[White "Muñoz Pantoja, Miguel"]
[Black "Asensio Linan, Teodoro"]
[Result "1-0"]
[WhiteElo "2462"]
[BlackElo "2199"]
[PlyCount "81"]
[EventDate "2014.02.06"]
[EventType "tourn"]
[EventRounds "9"]
[EventCountry "ESP"]
[Source "lmi"]
[SourceDate "2014.02.06"]

1. e4 g6 2. g3 Bg7 3. Bg2 d6 4. d4 Nf6 5. Ne2 O-O 6. h3 e5 7. O-O exd4 8. Nxd4
Re8 9. Re1 Nc6 10. Nxc6 bxc6 11. e5 Nd5 12. c4 Ne7 13. exd6 cxd6 14. Nc3 Rb8
15. Qa4 Nf5 16. Ne4 Re6 17. Qxa7 Rb7 18. Qa8 Qc7 19. Qa4 Ra7 20. Qd1 Ba6 21. c5
d5 22. Bf4 Qa5 23. Nd6 Rae7 24. Rxe6 Rxe6 25. Qb3 Re1+ 26. Rxe1 Qxe1+ 27. Kh2
Nd4 28. Qb8+ Bf8 29. Bh6 Qe7 30. Bxf8 Qxf8 31. Ne8 Ne6 32. Nf6+ Kh8 33. Qe5 Qg7
34. a4 Be2 35. f4 Bc4 36. b4 Qf8 37. Nxd5+ Ng7 38. Nf6 Qa8 39. b5 Bd5 40. Nxd5
cxd5 41. Bxd5 1-0

[Event "2. Cerrado U.E.Montcada 2014"]
[Site "Montcada i Reixac ESP"]
[Date "2014.02.06"]
[Round "1.2"]
[White "Rojas Keim, Luis"]
[Black "Ryan, Joe"]
[Result "1/2-1/2"]
[WhiteElo "2408"]
[BlackElo "2263"]
[PlyCount "57"]
[EventDate "2014.02.06"]
[EventType "tourn"]
[EventRounds "9"]
[EventCountry "ESP"]
[Source "lmi"]
[SourceDate "2014.02.06"]

1. d4 d5 2. c4 e6 3. Nf3 Nf6 4. Nc3 Be7 5. Bf4 O-O 6. e3 Nbd7 7. c5 c6 8. b4 b6
9. Bd3 a5 10. a3 Ba6 11. Bxa6 Rxa6 12. b5 cxb5 13. c6 Qc8 14. Nxb5 Qxc6 15. Nc7
Ra7 16. Rc1 Qb7 17. Qa4 b5 18. Nxb5 Nb6 19. Qb3 Nc4 20. a4 Bb4+ 21. Ke2 Raa8
22. Ne5 Rfc8 23. f3 Nxe5 24. Bxe5 Ne8 25. Qb2 f6 26. Bg3 Ra6 27. Rxc8 Qxc8 28.
Rc1 Rc6 29. Na7 1/2-1/2

[Event "2. Cerrado U.E.Montcada 2014"]
[Site "Montcada i Reixac ESP"]
[Date "2014.02.06"]
[Round "1.3"]
[White "Gomez Jurado, Luis Alberto"]
[Black "Dalo, Hermes"]
[Result "0-1"]
[WhiteElo "2312"]
[BlackElo "2209"]
[PlyCount "124"]
[EventDate "2014.02.06"]
[EventType "tourn"]
[EventRounds "9"]
[EventCountry "ESP"]
[Source "lmi"]
[SourceDate "2014.02.06"]

1. c4 g6 2. g3 Bg7 3. Bg2 d6 4. Nc3 c5 5. e4 Nc6 6. Nge2 Nf6 7. O-O O-O 8. d3
Bd7 9. h3 Rb8 10. Be3 a6 11. a4 Ne8 12. d4 cxd4 13. Nxd4 Nc7 14. Nde2 b5 15.
axb5 axb5 16. c5 dxc5 17. Bxc5 Ne6 18. Be3 b4 19. Na4 Ne5 20. Qb3 Bb5 21. Rfd1
Qc7 22. Nf4 Qc4 23. Qxc4 Nxc4 24. Nxe6 Nxe3 25. fxe3 fxe6 26. Nc5 Bxb2 27. Rab1
Bc3 28. Nxe6 Rfc8 29. e5 Ba4 30. Rdc1 b3 31. Bd5 Kh8 32. Ng5 b2 33. Rf1 h6 34.
Rf4 Bc2 35. Rh4 h5 36. Rf4 Rf8 37. Be4 Bxb1 38. Bxb1 Rxf4 39. gxf4 Ra8 40. Bxg6
Ra1+ 41. Kg2 b1=Q 42. Bxb1 Rxb1 43. Ne4 Bb4 44. Ng3 Rb2+ 45. Kf3 Rh2 46. Nf5
Kh7 47. e6 Bc5 48. h4 Ra2 49. Ke4 Kg6 50. Ng3 Ra4+ 51. Kf3 Ra3 52. f5+ Kh6 53.
Nf1 Ra4 54. Ng3 Rxh4 55. f6 exf6 56. Nf5+ Kg5 57. Nxh4 Kxh4 58. Kf4 Be7 59. e4
Bd8 60. Kf5 Kg3 61. Kg6 Kf4 62. Kxh5 Kxe4 0-1

[Event "2. Cerrado U.E.Montcada 2014"]
[Site "Montcada i Reixac ESP"]
[Date "2014.02.06"]
[Round "1.4"]
[White "Ramirez Garcia, Jorge Alberto"]
[Black "Sanchez Ibern, Marc"]
[Result "1-0"]
[WhiteElo "2302"]
[BlackElo "2382"]
[PlyCount "81"]
[EventDate "2014.02.06"]
[EventType "tourn"]
[EventRounds "9"]
[EventCountry "ESP"]
[Source "lmi"]
[SourceDate "2014.02.06"]

1. d4 Nf6 2. c4 b6 3. Bg5 Bb7 4. Nc3 g6 5. Qd2 h6 6. Bf4 Bg7 7. Rc1 c5 8. d5
Nh5 9. Be3 e5 10. g4 Nf6 11. h3 d6 12. f4 exf4 13. Bxf4 a6 14. Bg2 Qe7 15. Na4
Nfd7 16. b4 g5 17. Bh2 Bd4 18. Nf3 Bg7 19. O-O O-O 20. Rb1 Ra7 21. bxc5 bxc5
22. Rb3 Re8 23. Rfb1 Ba8 24. Qd3 Rc7 25. Nb6 Ra7 26. Qf5 a5 27. Na4 Na6 28. a3
Rb8 29. Kf2 Rab7 30. Rxb7 Rxb7 31. Rxb7 Bxb7 32. Qb1 Bc8 33. Nb6 Nxb6 34. Qxb6
Bf8 35. Qxa5 h5 36. gxh5 f5 37. Qd2 f4 38. e3 Bh6 39. exf4 g4 40. hxg4 Bxg4 41.
Qe3 1-0

[Event "2. Cerrado U.E.Montcada 2014"]
[Site "Montcada i Reixac ESP"]
[Date "2014.02.06"]
[Round "1.5"]
[White "Vidarte Morales, Arturo"]
[Black "Luna Cortes, Luis"]
[Result "0-1"]
[WhiteElo "2320"]
[BlackElo "2181"]
[PlyCount "82"]
[EventDate "2014.02.06"]
[EventType "tourn"]
[EventRounds "9"]
[EventCountry "ESP"]
[Source "lmi"]
[SourceDate "2014.02.06"]

1. c4 e6 2. Nc3 d5 3. d4 Nf6 4. Bg5 Be7 5. e3 h6 6. Bf4 O-O 7. Nf3 c6 8. Qc2
Nbd7 9. cxd5 exd5 10. h3 Re8 11. Bd3 Nf8 12. O-O-O Qa5 13. Kb1 Bb4 14. Rc1 Be6
15. a3 Be7 16. g4 N6d7 17. Rhg1 b5 18. g5 h5 19. g6 Qd8 20. gxf7+ Bxf7 21. Ng5
Bxg5 22. Rxg5 Ne6 23. Bh7+ Kh8 24. Rf5 Qe7 25. Bd6 Qxd6 26. Rxf7 Ng5 27. Rxd7
Qxd7 28. Bf5 Qe7 29. Qe2 Qf7 30. Qc2 Rf8 31. Bd3 Qxf2 32. Qd1 Rf3 33. Na2 Qxe3
34. Bg6 Rxh3 35. Rxc6 Ne4 36. Nc1 Rf8 37. Qc2 Nd2+ 38. Ka2 Nc4 39. Qf5 Qf3 40.
Qd7 Rh2 41. Nd3 Rxb2+ 0-1

[Event "2. Cerrado U.E.Montcada 2014"]
[Site "Montcada i Reixac ESP"]
[Date "2014.02.09"]
[Round "2.1"]
[White "Asensio Linan, Teodoro"]
[Black "Luna Cortes, Luis"]
[Result "0-1"]
[WhiteElo "2199"]
[BlackElo "2181"]
[PlyCount "94"]
[EventDate "2014.02.06"]
[EventType "tourn"]
[EventRounds "9"]
[EventCountry "ESP"]
[Source "lmi"]
[SourceDate "2014.02.06"]

1. e4 a6 2. Nf3 c5 3. c4 e6 4. d4 cxd4 5. Nxd4 Qc7 6. a3 Nf6 7. Nc3 Be7 8. Be2
d6 9. O-O O-O 10. Be3 Nbd7 11. f3 Ne5 12. Rc1 Bd7 13. Kh1 Rac8 14. f4 Nc6 15.
Nd5 exd5 16. cxd5 Nxe4 17. dxc6 bxc6 18. Bxa6 Rfe8 19. b4 Bf6 20. Bg1 Qa7 21.
Qd3 c5 22. Nf3 Bf5 23. Qc4 Qa8 24. Bb5 d5 25. Qb3 c4 26. Qa4 Nc3 27. Rxc3 Bxc3
28. Bxe8 Rxe8 29. Qb5 Bd3 30. Rf2 Rb8 31. Qc5 Rc8 32. Qe7 Re8 33. Qd7 Rd8 34.
Qc7 f6 35. b5 d4 36. Nd2 Qb8 37. Qc5 Bxd2 38. Rxd2 Qxf4 39. Rd1 Qe5 40. Qb6 Rd7
41. Qc6 Re7 42. Qb6 Qe2 43. Qd8+ Kf7 44. Qd5+ Kg6 45. Qd6 Re5 46. Rxd3 cxd3 47.
Qxd4 d2 0-1

[Event "2. Cerrado U.E.Montcada 2014"]
[Site "Montcada i Reixac ESP"]
[Date "2014.02.09"]
[Round "2.2"]
[White "Sanchez Ibern, Marc"]
[Black "Vidarte Morales, Arturo"]
[Result "0-1"]
[WhiteElo "2382"]
[BlackElo "2320"]
[PlyCount "130"]
[EventDate "2014.02.06"]
[EventType "tourn"]
[EventRounds "9"]
[EventCountry "ESP"]
[Source "lmi"]
[SourceDate "2014.02.06"]

1. e4 d6 2. Nf3 g6 3. d4 Bg7 4. c3 Nf6 5. Qc2 O-O 6. Bg5 c5 7. dxc5 dxc5 8. Bc4
Nc6 9. O-O Qc7 10. Nbd2 b6 11. Rfe1 e5 12. Nf1 Bb7 13. Ne3 Na5 14. Bxf6 Nxc4
15. Nxc4 Bxf6 16. a4 Rad8 17. Rad1 Rxd1 18. Rxd1 Rd8 19. Rd2 Bc6 20. h3 Rxd2
21. Nfxd2 a6 22. b3 b5 23. axb5 axb5 24. Ne3 Bg5 25. Qd3 Bxe3 26. Qxe3 Qd6 27.
Kf1 Bd7 28. g4 Be6 29. Ke2 Kg7 30. c4 bxc4 31. bxc4 h6 32. Qc3 f6 33. f3 g5 34.
Nf1 Qa6 35. Nd2 Qa2 36. Kd3 Bf7 37. Ke3 Qa4 38. Ke2 h5 39. Ke1 h4 40. Ke2 Be6
41. Ke1 Kf7 42. Ke2 Ke7 43. Ke1 Bc8 44. Qb2 Bd7 45. Ke2 Qb4 46. Qxb4 cxb4 47.
Kd3 Kd6 48. Nf1 Kc5 49. Ne3 Ba4 50. Nd5 Bb3 51. Nxf6 Bxc4+ 52. Ke3 Bf1 53. Nd7+
Kd6 54. Nb6 Bb5 55. Nd5 Kc5 56. Nf6 b3 57. Kd2 Kd4 58. Nd5 b2 59. Kc2 Bf1 60.
Kxb2 Bxh3 61. Kc2 Bg2 62. Kd2 h3 63. Ne3 h2 64. Nf5+ Kc5 65. Ng3 Bxf3 0-1

[Event "2. Cerrado U.E.Montcada 2014"]
[Site "Montcada i Reixac ESP"]
[Date "2014.02.09"]
[Round "2.3"]
[White "Dalo, Hermes"]
[Black "Ramirez Garcia, Jorge Alberto"]
[Result "1/2-1/2"]
[WhiteElo "2209"]
[BlackElo "2302"]
[PlyCount "29"]
[EventDate "2014.02.06"]
[EventType "tourn"]
[EventRounds "9"]
[EventCountry "ESP"]
[Source "lmi"]
[SourceDate "2014.02.06"]

1. d4 d5 2. c4 e6 3. Nc3 a6 4. cxd5 exd5 5. Bf4 c6 6. e3 Bd6 7. Bxd6 Qxd6 8.
Bd3 Ne7 9. Qc2 c5 10. dxc5 Qxc5 11. Nge2 Nbc6 12. a3 Bg4 13. Rc1 Rd8 14. Qa4
Bxe2 15. Nxe2 1/2-1/2

[Event "2. Cerrado U.E.Montcada 2014"]
[Site "Montcada i Reixac ESP"]
[Date "2014.02.09"]
[Round "2.4"]
[White "Ryan, Joe"]
[Black "Gomez Jurado, Luis Alberto"]
[Result "1-0"]
[WhiteElo "2263"]
[BlackElo "2312"]
[PlyCount "45"]
[EventDate "2014.02.06"]
[EventType "tourn"]
[EventRounds "9"]
[EventCountry "ESP"]
[Source "lmi"]
[SourceDate "2014.02.06"]

1. e4 c6 2. d4 d5 3. e5 Bf5 4. Nf3 e6 5. Be2 c5 6. Be3 cxd4 7. Nxd4 Ne7 8. Nd2
Nbc6 9. N2f3 a6 10. O-O Qc7 11. c4 dxc4 12. Qa4 Rc8 13. Bxc4 Qa5 14. Qxa5 Nxa5
15. Be2 Be4 16. Rac1 Nac6 17. Nxc6 Nxc6 18. Nd2 Bd5 19. Nc4 Bxc4 20. Rxc4 Rd8
21. Bb6 Nxe5 22. Rc2 Rb8 23. Rfc1 1-0

[Event "2. Cerrado U.E.Montcada 2014"]
[Site "Montcada i Reixac ESP"]
[Date "2014.02.13"]
[Round "3.1"]
[White "Rojas Keim, Luis"]
[Black "Asensio Linan, Teodoro"]
[Result "1/2-1/2"]
[WhiteElo "2408"]
[BlackElo "2199"]
[PlyCount "70"]
[EventDate "2014.02.06"]
[EventType "tourn"]
[EventRounds "9"]
[EventCountry "ESP"]
[Source "lmi"]
[SourceDate "2014.02.06"]

1. d4 f5 2. e4 fxe4 3. Nc3 Nf6 4. Bg5 b6 5. f3 Bb7 6. Bxf6 exf6 7. fxe4 Bb4 8.
Bd3 Qe7 9. Qe2 Nc6 10. Nf3 O-O-O 11. O-O Bxc3 12. bxc3 Qa3 13. Qd2 Rde8 14. d5
Ne5 15. Nd4 Kb8 16. Rab1 c6 17. c4 Qc5 18. Qf2 Ng4 19. Qg3+ Ka8 20. c3 Ne5 21.
Kh1 h5 22. Nb3 Qe7 23. a4 h4 24. Qh3 Nxd3 25. Qxd3 Qxe4 26. Qh3 cxd5 27. Nc5
Qxc4 28. Nxb7 Re6 29. Rfe1 Kxb7 30. Rxe6 dxe6 31. Qxe6 h3 32. Qd7+ Ka6 33. Qxg7
Qe4 34. Rg1 hxg2+ 35. Rxg2 Rxh2+ 1/2-1/2

[Event "2. Cerrado U.E.Montcada 2014"]
[Site "Montcada i Reixac ESP"]
[Date "2014.02.13"]
[Round "3.2"]
[White "Gomez Jurado, Luis Alberto"]
[Black "Muñoz Pantoja, Miguel"]
[Result "1/2-1/2"]
[WhiteElo "2312"]
[BlackElo "2462"]
[PlyCount "117"]
[EventDate "2014.02.06"]
[EventType "tourn"]
[EventRounds "9"]
[EventCountry "ESP"]
[Source "lmi"]
[SourceDate "2014.02.06"]

1. c4 c5 2. g3 Nc6 3. Bg2 g6 4. Nc3 Bg7 5. e4 a6 6. a3 Rb8 7. Rb1 b5 8. cxb5
axb5 9. b4 Ne5 10. bxc5 Nd3+ 11. Ke2 Nxc5 12. d4 Ne6 13. Be3 Qa5 14. Nd5 Qxa3
15. Nb4 Qc3 16. Nf3 Bb7 17. Qd3 Qxd3+ 18. Kxd3 Nf6 19. d5 Nd8 20. Nd4 Ng4 21.
Nxb5 O-O 22. f4 Nxe3 23. Kxe3 Ra8 24. e5 f6 25. Nd3 fxe5 26. fxe5 Bh6+ 27. Kd4
Ne6+ 28. dxe6 Bxg2 29. exd7 Ra4+ 30. Kc3 Bd5 31. Nf4 Rc4+ 32. Kd3 Bxf4 33. gxf4
Rd8 34. Rhc1 Rxf4 35. Rc8 Rff8 36. Rc7 Be6 37. Nd4 Rxd7 38. Rxd7 Bxd7 39. e6
Bc8 40. Ke4 Ba6 41. Nc6 Re8 42. Ke5 Kf8 43. Rb6 Ra8 44. Rb4 Rc8 45. Rf4+ Ke8
46. Nxe7 Kxe7 47. Rf7+ Ke8 48. Rxh7 Rc1 49. Rh8+ Ke7 50. Rh7+ Kf8 51. Rf7+ Ke8
52. Kf6 Bd3 53. Re7+ Kf8 54. Rf7+ Kg8 55. Rg7+ Kh8 56. Rd7 Rf1+ 57. Kg5 Bb5 58.
Rb7 Be8 59. Kh6 1/2-1/2

[Event "2. Cerrado U.E.Montcada 2014"]
[Site "Montcada i Reixac ESP"]
[Date "2014.02.13"]
[Round "3.3"]
[White "Ramirez Garcia, Jorge Alberto"]
[Black "Ryan, Joe"]
[Result "0-1"]
[WhiteElo "2302"]
[BlackElo "2263"]
[PlyCount "96"]
[EventDate "2014.02.06"]
[EventType "tourn"]
[EventRounds "9"]
[EventCountry "ESP"]
[Source "lmi"]
[SourceDate "2014.02.06"]

1. e4 e6 2. d4 d5 3. Nd2 Nf6 4. e5 Nfd7 5. f4 c5 6. Ngf3 Nc6 7. Nb3 f6 8. c3
cxd4 9. cxd4 Be7 10. Bd3 f5 11. Be3 O-O 12. O-O a5 13. Rc1 a4 14. Na1 Nb4 15.
Bb1 a3 16. b3 Nb8 17. Kh1 Bd7 18. Rg1 Be8 19. Ne1 N8c6 20. Nac2 Qb6 21. Qe2 Na5
22. Nxb4 Bxb4 23. Bd3 Nc6 24. g4 Bg6 25. h4 Bxe1 26. Rcxe1 Nb4 27. Bb1 fxg4 28.
Qxg4 Rf7 29. Bxg6 hxg6 30. Qxg6 Qa6 31. Rg2 Re8 32. Reg1 Qd3 33. Qxd3 Nxd3 34.
Bc1 Nxc1 35. Rxc1 Rxf4 36. Rc7 Rf7 37. Rgc2 Ref8 38. Kg2 Rxc7 39. Rxc7 Rf4 40.
Rxb7 Rxd4 41. Re7 Rd2+ 42. Kf3 Rxa2 43. Rxe6 Ra1 44. Ra6 a2 45. Kg2 d4 46. e6
Kf8 47. Ra8+ Ke7 48. Ra7+ Kxe6 0-1

[Event "2. Cerrado U.E.Montcada 2014"]
[Site "Montcada i Reixac ESP"]
[Date "2014.02.13"]
[Round "3.4"]
[White "Vidarte Morales, Arturo"]
[Black "Dalo, Hermes"]
[Result "1-0"]
[WhiteElo "2320"]
[BlackElo "2209"]
[PlyCount "63"]
[EventDate "2014.02.06"]
[EventType "tourn"]
[EventRounds "9"]
[EventCountry "ESP"]
[Source "lmi"]
[SourceDate "2014.02.06"]

1. d4 Nf6 2. c4 g6 3. Nc3 Bg7 4. e4 d6 5. f4 O-O 6. Nf3 c5 7. d5 e6 8. dxe6
fxe6 9. Bd3 Nc6 10. O-O Nd4 11. Ng5 e5 12. f5 gxf5 13. exf5 b5 14. b3 h6 15.
Nge4 Bb7 16. Nxf6+ Rxf6 17. Qg4 Qd7 18. Ne4 Bxe4 19. Qxe4 Qc6 20. Qxc6 Nxc6 21.
Be3 bxc4 22. bxc4 Rb8 23. g4 Rff8 24. Be4 Nd4 25. Rf2 Rb4 26. Raf1 Rfb8 27. f6
Bf8 28. f7+ Kg7 29. h4 Rb2 30. Bxh6+ Kh8 31. Bxf8 Rxf2 32. Bxd6 1-0

[Event "2. Cerrado U.E.Montcada 2014"]
[Site "Montcada i Reixac ESP"]
[Date "2014.02.13"]
[Round "3.5"]
[White "Luna Cortes, Luis"]
[Black "Sanchez Ibern, Marc"]
[Result "1-0"]
[WhiteElo "2181"]
[BlackElo "2382"]
[PlyCount "101"]
[EventDate "2014.02.06"]
[EventType "tourn"]
[EventRounds "9"]
[EventCountry "ESP"]
[Source "lmi"]
[SourceDate "2014.02.06"]

1. d4 Nf6 2. c4 g6 3. Nc3 Bg7 4. Nf3 O-O 5. e3 d5 6. Qb3 dxc4 7. Bxc4 Nc6 8.
Be2 Nd7 9. O-O Nb6 10. Rd1 a5 11. Qc2 Re8 12. d5 Nb4 13. Qb3 Nd7 14. Bb5 Rf8
15. a3 Na6 16. h3 Ndc5 17. Qc2 Bd7 18. Bc4 Qe8 19. Nd4 c6 20. dxc6 bxc6 21. Ne4
Nxe4 22. Qxe4 e5 23. Nb3 Bf5 24. Qh4 a4 25. Bxa6 axb3 26. e4 Be6 27. Bd3 c5 28.
Bd2 c4 29. Be2 Qb5 30. Bb4 Rfc8 31. Qg3 Qb7 32. Bc3 Qb8 33. Bg4 Bxg4 34. Qxg4
h5 35. Qe2 Ra6 36. Rd5 Re6 37. Rad1 Qa8 38. Rd7 Qc6 39. R1d5 Ree8 40. R5d6 Qa8
41. Qf3 Rf8 42. Rd5 f6 43. Qd1 Bh6 44. h4 Qc6 45. g4 Qe6 46. f3 Bf4 47. R5d6
Qe8 48. Qd5+ Kh8 49. Qb7 Bh6 50. Rh7+ Kg8 51. Rdd7 1-0

[Event "2. Cerrado U.E.Montcada 2014"]
[Site "Montcada i Reixac ESP"]
[Date "2014.02.16"]
[Round "4.1"]
[White "Asensio Linan, Teodoro"]
[Black "Sanchez Ibern, Marc"]
[Result "0-1"]
[WhiteElo "2199"]
[BlackElo "2382"]
[PlyCount "68"]
[EventDate "2014.02.06"]
[EventType "tourn"]
[EventRounds "9"]
[EventCountry "ESP"]
[Source "lmi"]
[SourceDate "2014.02.06"]

1. d4 Nf6 2. Bg5 Ne4 3. h4 c5 4. d5 g6 5. Qd3 Nxg5 6. Qc3 Rg8 7. hxg5 Bg7 8.
Qa3 Rh8 9. Nd2 d6 10. e4 a6 11. f4 Nd7 12. Ngf3 Rb8 13. O-O-O b5 14. e5 dxe5
15. fxe5 Nxe5 16. Qxc5 Bf5 17. Nd4 Rc8 18. Qa3 Qc7 19. c3 Nc4 20. Bxc4 Bxd4 21.
cxd4 Qf4 22. b3 bxc4 23. Qa4+ Bd7 24. Qb4 c3 25. Rhf1 cxd2+ 26. Kb2 Qxg5 27. d6
a5 28. Qb7 Qe3 29. Qd5 e6 30. Rf3 exd5 31. Rxe3+ Be6 32. Rxd2 Kd7 33. a3 Kxd6
34. b4 a4 0-1

[Event "2. Cerrado U.E.Montcada 2014"]
[Site "Montcada i Reixac ESP"]
[Date "2014.02.16"]
[Round "4.2"]
[White "Dalo, Hermes"]
[Black "Luna Cortes, Luis"]
[Result "1/2-1/2"]
[WhiteElo "2209"]
[BlackElo "2181"]
[PlyCount "94"]
[EventDate "2014.02.06"]
[EventType "tourn"]
[EventRounds "9"]
[EventCountry "ESP"]
[Source "lmi"]
[SourceDate "2014.02.06"]

1. d4 d5 2. c4 c6 3. Nf3 Nf6 4. e3 e6 5. b3 Bb4+ 6. Nbd2 O-O 7. Bd3 Ne4 8. Qc2
f5 9. a3 Bd6 10. Bb2 Nd7 11. Ne5 Nxd2 12. Qxd2 Nxe5 13. dxe5 Bc7 14. Qc2 dxc4
15. Bxc4 Qg5 16. O-O Bd7 17. Rad1 Qe7 18. b4 Kh8 19. Qb3 Rad8 20. Rd2 Bc8 21.
Rfd1 Rxd2 22. Rxd2 Rd8 23. Qd1 Rxd2 24. Qxd2 Qd7 25. Qxd7 Bxd7 26. f4 Bd8 27.
Kf2 a5 28. Bc3 axb4 29. axb4 Be7 30. g3 Kg8 31. e4 g6 32. Ke3 b5 33. Bb3 c5 34.
bxc5 Bxc5+ 35. Bd4 Bb4 36. exf5 gxf5 37. h3 h5 38. Bd1 Be8 39. Kf2 Kf8 40. g4
hxg4 41. hxg4 fxg4 42. Bxg4 Bd7 43. Bd1 Bd2 44. Be3 Bc3 45. Bb3 Ke7 46. Bc5+
Kd8 47. Bd6 Bd2 1/2-1/2

[Event "2. Cerrado U.E.Montcada 2014"]
[Site "Montcada i Reixac ESP"]
[Date "2014.02.16"]
[Round "4.3"]
[White "Ryan, Joe"]
[Black "Vidarte Morales, Arturo"]
[Result "1/2-1/2"]
[WhiteElo "2263"]
[BlackElo "2320"]
[PlyCount "30"]
[EventDate "2014.02.06"]
[EventType "tourn"]
[EventRounds "9"]
[EventCountry "ESP"]
[Source "lmi"]
[SourceDate "2014.02.06"]

1. d4 d5 2. c4 e6 3. Nf3 Nf6 4. Nc3 Be7 5. Bf4 O-O 6. e3 c5 7. dxc5 Bxc5 8.
cxd5 Nxd5 9. Nxd5 exd5 10. g3 Nc6 11. Bd3 Be7 12. Qc2 h6 13. O-O Bf6 14. a3 Be6
15. Rac1 Rc8 1/2-1/2

[Event "2. Cerrado U.E.Montcada 2014"]
[Site "Montcada i Reixac ESP"]
[Date "2014.02.16"]
[Round "4.4"]
[White "Muñoz Pantoja, Miguel"]
[Black "Ramirez Garcia, Jorge Alberto"]
[Result "1/2-1/2"]
[WhiteElo "2462"]
[BlackElo "2302"]
[PlyCount "97"]
[EventDate "2014.02.06"]
[EventType "tourn"]
[EventRounds "9"]
[EventCountry "ESP"]
[Source "lmi"]
[SourceDate "2014.02.06"]

1. e4 e6 2. d4 d5 3. Nd2 c5 4. Ngf3 Nc6 5. exd5 exd5 6. Bb5 Qe7+ 7. Be2 Qc7 8.
dxc5 Bxc5 9. Nb3 Be7 10. O-O Nf6 11. Bg5 O-O 12. c3 Be6 13. Nfd4 Rae8 14. Re1
h6 15. Bh4 Ne4 16. Bxe7 Rxe7 17. Bf3 Bc8 18. Qc2 Rfe8 19. Re2 Ne5 20. Rae1 Bg4
21. Nd2 Nxd2 22. Qxd2 Bxf3 23. Nxf3 Nxf3+ 24. gxf3 Rxe2 25. Rxe2 Re6 26. Rxe6
fxe6 27. f4 Qf7 28. Qe3 Qg6+ 29. Kf1 Kh7 30. b4 b5 31. a3 Qb1+ 32. Kg2 Qg6+ 33.
Kf1 a6 34. Qe5 Qg4 35. Qd6 Qd1+ 36. Kg2 Qg4+ 37. Kf1 Qh3+ 38. Ke2 Qxc3 39. Qxe6
Qb2+ 40. Kf1 Qb1+ 41. Ke2 Qc2+ 42. Ke3 d4+ 43. Kxd4 Qxf2+ 44. Ke4 Qe2+ 45. Kd5
Qc4+ 46. Ke5 Qe2+ 47. Kd5 Qc4+ 48. Ke5 Qe2+ 49. Kd5 1/2-1/2

[Event "2. Cerrado U.E.Montcada 2014"]
[Site "Montcada i Reixac ESP"]
[Date "2014.02.16"]
[Round "4.5"]
[White "Rojas Keim, Luis"]
[Black "Gomez Jurado, Luis Alberto"]
[Result "1-0"]
[WhiteElo "2408"]
[BlackElo "2312"]
[PlyCount "125"]
[EventDate "2014.02.06"]
[EventType "tourn"]
[EventRounds "9"]
[EventCountry "ESP"]
[Source "lmi"]
[SourceDate "2014.02.06"]

1. Nf3 Nf6 2. g3 g6 3. Bg2 Bg7 4. O-O O-O 5. d3 d5 6. Nbd2 a5 7. e4 e6 8. c3 c5
9. a4 Nc6 10. Re1 b6 11. Nb1 dxe4 12. Ng5 Ba6 13. Nxe4 Nxe4 14. Bxe4 Qd7 15.
Na3 Rad8 16. Bg5 f6 17. Bf4 g5 18. Bc1 Ne5 19. Qb3 Bxd3 20. Bg2 g4 21. Qxb6 Be2
22. Rxe2 Nf3+ 23. Bxf3 Qd1+ 24. Kg2 gxf3+ 25. Kxf3 Rd3+ 26. Be3 Qxa1 27. Qxe6+
Kh8 28. Kg2 Rd1 29. Bxc5 Rg1+ 30. Kf3 Rg8 31. Nc4 Qb1 32. Nd6 h5 33. Qf5 Qxf5+
34. Nxf5 Rc8 35. Bd4 Rc7 36. Re6 Rb1 37. Rb6 Rf7 38. Rb5 Bf8 39. h4 Kh7 40. Ne3
Kg6 41. Nc4 Rc7 42. Nxa5 Bg7 43. Nb7 f5 44. Bxg7 Kxg7 45. Nd6 Ra7 46. Nxf5+ Kf6
47. b3 Rc7 48. c4 Rd7 49. Ne3 Rd2 50. Rxh5 Rxb3 51. Ke4 Kg6 52. Rg5+ Kh7 53.
Rf5 Ra3 54. a5 Rda2 55. Ng4 Ra4 56. Rc5 Ra1 57. h5 Kh8 58. Ne5 Kg8 59. g4 R1a2
60. f3 Ra1 61. h6 Kh7 62. g5 R1a2 63. Nc6 1-0

[Event "2. Cerrado U.E.Montcada 2014"]
[Site "Montcada i Reixac ESP"]
[Date "2014.02.20"]
[Round "5.1"]
[White "Gomez Jurado, Luis Alberto"]
[Black "Asensio Linan, Teodoro"]
[Result "1/2-1/2"]
[WhiteElo "2312"]
[BlackElo "2199"]
[PlyCount "30"]
[EventDate "2014.02.06"]
[EventType "tourn"]
[EventRounds "9"]
[EventCountry "ESP"]
[Source "lmi"]
[SourceDate "2014.02.06"]

1. d4 d6 2. e4 Nf6 3. Nc3 g6 4. f4 Bg7 5. Nf3 c5 6. Bb5+ Bd7 7. Bd3 Bg4 8. Bb5+
Bd7 9. e5 Ng4 10. e6 fxe6 11. Ng5 Bxb5 12. Nxe6 Bxd4 13. Nxd8 Bf2+ 14. Kd2 Be3+
15. Ke1 Bf2+ 1/2-1/2

[Event "2. Cerrado U.E.Montcada 2014"]
[Site "Montcada i Reixac ESP"]
[Date "2014.02.20"]
[Round "5.2"]
[White "Ramirez Garcia, Jorge Alberto"]
[Black "Rojas Keim, Luis"]
[Result "0-1"]
[WhiteElo "2302"]
[BlackElo "2408"]
[PlyCount "68"]
[EventDate "2014.02.06"]
[EventType "tourn"]
[EventRounds "9"]
[EventCountry "ESP"]
[Source "lmi"]
[SourceDate "2014.02.06"]

1. e4 g6 2. d4 Bg7 3. Nc3 c6 4. Be3 d6 5. a4 Nf6 6. h3 O-O 7. g3 e5 8. Bg2 d5
9. exd5 Nxd5 10. Nxd5 exd4 11. Bxd4 Bxd4 12. Qxd4 Re8+ 13. Ne2 cxd5 14. Rd1
Qa5+ 15. Qd2 Qa6 16. Bxd5 Nc6 17. b3 Nd4 18. O-O Nxe2+ 19. Kh2 Be6 20. Bf3 Bf5
21. c4 Qb6 22. Bxe2 Qxb3 23. Rfe1 Qxa4 24. Bf3 Qxc4 25. Bxb7 Rab8 26. Bd5 Qc8
27. Qa2 Qd7 28. Bc4 Qc7 29. Rc1 Rxe1 30. Rxe1 h5 31. Ra1 h4 32. Qxa7 hxg3+ 33.
Kg2 Be4+ 34. Kg1 Rb1+ 0-1

[Event "2. Cerrado U.E.Montcada 2014"]
[Site "Montcada i Reixac ESP"]
[Date "2014.02.20"]
[Round "5.3"]
[White "Vidarte Morales, Arturo"]
[Black "Muñoz Pantoja, Miguel"]
[Result "1/2-1/2"]
[WhiteElo "2320"]
[BlackElo "2462"]
[PlyCount "120"]
[EventDate "2014.02.06"]
[EventType "tourn"]
[EventRounds "9"]
[EventCountry "ESP"]
[Source "lmi"]
[SourceDate "2014.02.06"]

1. d4 c5 2. d5 Nf6 3. c4 e6 4. Nc3 exd5 5. cxd5 d6 6. e4 a6 7. a4 g6 8. Nf3 Bg7
9. h3 O-O 10. Bd3 Re8 11. O-O c4 12. Bc2 Nbd7 13. Be3 Nh5 14. Bg5 Bf6 15. Bh6
Ne5 16. g4 Nxg4 17. hxg4 Bxg4 18. Kg2 Bxf3+ 19. Kxf3 Bg5 20. Bxg5 Qxg5 21. Qc1
Qf6+ 22. Ke2 Nf4+ 23. Kd1 Rab8 24. a5 b5 25. axb6 Rxb6 26. Na4 Rb5 27. Qd2 h5
28. Ra3 g5 29. Rg1 Re5 30. Rf3 Kf8 31. Rxg5 Rxg5 32. Qxf4 Qxf4 33. Rxf4 Kg7 34.
Kd2 Rb4 35. Nc3 Rxb2 36. Ne2 Rg4 37. Ng3 Rxf4 38. Nxh5+ Kg6 39. Nxf4+ Kf6 40.
Ne2 Ra2 41. f4 Ra3 42. Nd4 Rh3 43. Nc6 Rh2+ 44. Kc3 Rh3+ 45. Kb4 a5+ 46. Kxa5
Rh2 47. e5+ dxe5 48. fxe5+ Kg7 49. Ba4 c3 50. d6 c2 51. Bxc2 Rxc2 52. Kb6 Rd2
53. Kc7 Kg6 54. Ne7+ Kg5 55. Kd7 Rc2 56. Ke8 Kf4 57. d7 Rd2 58. Nc6 Kf5 59.
d8=Q Rxd8+ 60. Kxd8 Ke6 1/2-1/2